Comprehensive carbanion chemistry. Pt A.Structure and reactivity (Record no. 35607)

MARC details
000 -LEADER
fixed length control field 00330nam a2200121Ia 4500
082 ## - DEWEY DECIMAL CLASSIFICATION NUMBER
Classification number 546.26
Item number BUN
245 #0 - TITLE STATEMENT
Title Comprehensive carbanion chemistry. Pt A.Structure and reactivity
260 ## - PUBLICATION, DISTRIBUTION, ETC. (IMPRINT)
Place of publication Amsterdam
Name of publisher Elsevier
Year of publication 1980
700 ## - ADDED ENTRY--PERSONAL NAME
Personal name Buncel, E
700 ## - ADDED ENTRY--PERSONAL NAME
Personal name Durst, T
942 ## - ADDED ENTRY ELEMENTS (KOHA)
Koha item type Books
Holdings
Withdrawn status Lost status Damaged status Not for loan Home library Current library Date acquired Cost, normal purchase price Full call number Accession Number Koha item type
        RRII Library RRII Library 16/12/2021 170.00 546.26 BUN 16029 Books